000 00557nam a2200217Ia 4500
003 OSt
005 20220928141549.0
006 a|||||r|||| 00| 0
007 ta
008 220927b |||||||| |||| 00| 0 eng d
024 _a15990
037 _cTextual
040 _aSDCL
_cSDCL
_beng
041 _2eng
_aeng
082 _aD65,8(B), L3
100 _aLaFara Robert L
_9500925
245 0 _aComputer methods for science and engineering.
260 _c1973
942 _hD65,8(B), L3
_cTEXL
_2CC
999 _c818350
_d818350